Handkarte des Königreiches Böhmen

Main Author: Schober, Karl, 1844-1933
Corporate Author: Rakousko-Uhersko. Militärgeographisches Institut
Language: German
Published: Wien : herausgegeben von k. u. k. Militärgeograph. Institute, 1908
Online Access: Digitalizovaný dokument
Physical Description: 1 mapa : barev., rozřezaná, podlepená plátnem ; 28 x 35cm, na listu 32 x 37 cm
Map
Saved in:
LEADER 01488nem a2200337 a 4500
001 000342620
003 CZ BrMZK
005 20141203105502.0
007 aj canzn
008 980105s1908 au dg a 0 ger d
034 1 |a a  |b 1000000  |d E0115900  |e E0164700  |f N0510400  |g N0483100 
040 |a BOA001  |b cze 
043 |a e-xr---  |b e-xr-cc  |2 czenas 
072 7 |a 913(437)  |x Geografie Česka a Slovenska, reálie, cestování  |2 Konspekt  |9 7 
072 7 |a 912  |x Mapy. Atlasy. Glóby  |2 Konspekt  |9 7 
080 |a 913(437.31)  |2 MRF 
080 |a (084.3)371.673  |2 MRF 
100 1 |a Schober, Karl,  |d 1844-1933  |7 xx0075031  |4 ctg 
245 1 0 |a Handkarte des Königreiches Böhmen  |h [kartografický dokument] /  |c von Karl Schober 
255 |a Měřítko 1:1 000 000  |c (11°59´00" v.d.--16°47´00" v.d./51°04´00" s.š.--48°31´00" s.š.) 
260 |a Wien :  |b herausgegeben von k. u. k. Militärgeograph. Institute,  |c 1908 
300 |a 1 mapa :  |b barev., rozřezaná, podlepená plátnem ;  |c 28 x 35cm, na listu 32 x 37 cm 
500 |a Zmenšenina školní mpay 1:200 000 
500 |a Mapa je rozřezaná na 4 díly 16 x 19 cm 
655 7 |a školní mapy  |7 fd133894  |2 czenas 
651 7 |a Čechy (Česko)  |7 ge135869  |2 czenas 
710 1 |a Rakousko-Uhersko.  |b Militärgeographisches Institut  |7 kn20060405003  |4 pbl  |4 ctg 
856 4 1 |u http://www.digitalniknihovna.cz/mzk/uuid/uuid:1f792b40-1d02-4730-a7e3-dff6fc9f08df  |y Digitalizovaný dokument 
910 |a BOA001  |b Skř.9A-0547.124 
990 |a MP 
991 |b 201405